| 000 | 00563cam a22002291 4500 | ||
|---|---|---|---|
| 001 | sa 66006649 | ||
| 003 | DLC | ||
| 005 | 20260227112257.0 | ||
| 008 | 941011m19669999ii a 000 0 maro | ||
| 010 | _asa 66006649 | ||
| 025 | _aPL480:I-Mar-1214 | ||
| 035 | _a(OCoLC)31260545 | ||
| 040 |
_aDLC _cCU _dCU _dDLC |
||
| 042 | _apremarc | ||
| 050 | 0 | 0 |
_aQ141 _b.J8 |
| 100 | 1 |
_aJośī, Pralhāda Narahara, _d1924- |
|
| 245 | 1 | 0 | _aŚāstra cālale puḍhe. |
| 260 | _c[1966-] | ||
| 300 |
_av. _billus. _c19 cm. |
||
| 500 | _aIn Marathi. | ||
| 650 | 0 | _aScientists. | |
| 999 |
_c70620 _d70620 |
||